Tác phẩm văn học được giải thưởng Hồ Chí Minh

সংরক্ষণ করুন:
গ্রন্থ-পঞ্জীর বিবরন
প্রধান লেখক: Tế Hanh
বিন্যাস: গ্রন্থ
ভাষা:Undetermined
প্রকাশিত: Hà Nội Văn học 2006
বিষয়গুলি:
ট্যাগগুলো: ট্যাগ যুক্ত করুন
কোনো ট্যাগ নেই, প্রথমজন হিসাবে ট্যাগ করুন!
Thư viện lưu trữ: Trung tâm Học liệu Trường Đại học Cần Thơ
LEADER 00582nam a2200193Ia 4500
001 CTU_121696
008 210402s9999 xx 000 0 und d
082 |a 895.922133 
082 |b T250 
100 |a Tế Hanh 
245 0 |a Tác phẩm văn học được giải thưởng Hồ Chí Minh 
245 0 |c Tế Hanh 
260 |a Hà Nội 
260 |b Văn học 
260 |c 2006 
650 |a Vietnamese poetry,Thơ Việt Nam 
650 |y 20 century,Thế kỷ 20 
904 |i Tuyến 
980 |a Trung tâm Học liệu Trường Đại học Cần Thơ